01058nam a2200241 a 4500001001000000005001700010041000800027044000700035084002100042245019600063260003500259300002200294500003700316500014300353500001100496546002500507650005200532650005600584650003400640650004500674700004700719740005000766BRCA_346020190320204308.0 afre afr a749b.L435c174110aSuite Nouvelle et Véritable de l´Histoire et des Avantures de l´Incomparable Don-Quichotte de la Manche.cTraduite d´un Manuscrit Espagnol de Cid Hamet Benengely son veritable Historien. aParísbCharle le Clercc1741 a6 v.bil.c17 cm. aContenido : v.1. Prefacio. Texto aReimpresión de la edición publicada en 1726, por los mismos editores. Semipiel; lomeras adornadas con filetes dorados Lúdovik Osterc aQM259B aTexto en : francés14aNovela españolayÉpoca clásica, 1500-170014aLiteratura españolayÉpoca clásica, 1500-170014aNovela españolaySiglo XVII14aDon Quijote (Personaje ficticio)eNovela1 aCide Hamete Benengeli (Personaje ficticio)0 aEl Ingenioso Hidalgo Don Quijote de la Mancha